[Event "YFO-ch (Women)"]
[Site "Nebug"]
[Date "2016.03.09"]
[Round "5"]
[White "Fomichenko, Svetlana"]
[Black "Sukhareva, Evgenia"]
[Result "0-1"]
[WhiteElo "2215"]
[BlackElo "2138"]
[PlyCount "116"]
[EventDate "2016.03.05"]
[EventType "swiss"]
[EventRounds "9"]
[EventCountry "RUS"]
[SourceTitle "CBM 171 Extra"]
[Source "ChessBase"]
[SourceDate "2016.04.26"]
[SourceVersion "1"]
[SourceVersionDate "2016.04.26"]
[SourceQuality "1"]

1. e4 c5 2. Nf3 e6 3. d4 cxd4 4. Nxd4 a6 5. Be2 Nf6 6. Nc3 Qc7 7. 0-0 d6 8. f4 Nc6 9. Kh1 Be7 10. Be3 Bd7 11. Qe1 b5 12. Bf3 0-0 13. Rd1 Rfd8 14. Qf2 Rab8 15. e5 Ne8 16. Bxc6 Bxc6 17. f5 dxe5 18. fxe6 f6 19. Nf5 Qb7 20. Bb6 Rxd1 21. Rxd1 Bf8 22. Bd8 g6 23. e7 Bg7 24. Ne3 f5 25. a3 a5 26. b4 axb4 27. axb4 Ra8 28. h3 Ra3 29. Ned5 e4 30. Qc5 h5 31. Ne2 Kh7 32. Ndf4 e3 33. Kg1 Bh6 34. Qe5 Qc8 35. Bb6 Bg7 36. Qc5 Qb7 37. Rf1 Bf6 38. Bd8 Qd7 39. Nd3 Qd5 40. Ndf4 Qxc5 41. bxc5 Kg7 42. Rd1 Kf7 43. Nd4 Be4 44. Nfe2 b4 45. c6 Ra8 46. c7 Bxe7 47. Nb5 Ke6 48. Nf4+ Kf6 49. Rd7 Kg5 50. Ne2 Bf6 51. Bxf6+ Kxf6 52. Nf4 g5 53. Na7 Nxc7 54. Nxh5+ Kg6 55. Rxc7 Kxh5 56. Kf1 f4 57. Rc4 Bd5 58. Rd4 Bb7 0-1

[Event "YFO-ch (Women)"]
[Site "Nebug"]
[Date "2016.03.05"]
[Round "1"]
[White "Fomichenko, Svetlana"]
[Black "Tletseri, Marziet"]
[Result "1-0"]
[WhiteElo "2215"]
[BlackElo "1936"]
[PlyCount "85"]
[EventDate "2016.03.05"]
[EventType "swiss"]
[EventRounds "9"]
[EventCountry "RUS"]
[SourceTitle "CBM 171 Extra"]
[Source "ChessBase"]
[SourceDate "2016.04.26"]
[SourceVersion "1"]
[SourceVersionDate "2016.04.26"]
[SourceQuality "1"]

1. e4 c5 2. Nf3 e6 3. d4 cxd4 4. Nxd4 Nf6 5. Nc3 Nc6 6. Ndb5 Bb4 7. a3 Bxc3+ 8. Nxc3 d5 9. exd5 exd5 10. Bd3 0-0 11. 0-0 h6 12. Bf4 a6 13. Qd2 Re8 14. Rfe1 d4 15. Rxe8+ Qxe8 16. Re1 Qf8 17. Ne4 Nd5 18. Nd6 Be6 19. Nxb7 Qe7 20. Nd6 g5 21. Bg3 Rd8 22. Nc4 h5 23. h4 gxh4 24. Qh6 Qf6 25. Qxf6 Nxf6 26. Bxh4 Kg7 27. Ne5 Ne7 28. Bxa6 Rb8 29. b4 Nf5 30. Bxf6+ Kxf6 31. Nd3 Rg8 32. Nf4 Nh4 33. Nxh5+ Ke7 34. Ng3 Kd6 35. Re4 Nf5 36. Nxf5+ Bxf5 37. Rxd4+ Ke5 38. Rd2 Be4 39. Bf1 f5 40. c4 Ra8 41. f3 Bb7 42. Rd7 Bc6 43. Rd3 1-0

[Event "Krasnodar Region-ch (Women)"]
[Site "Krasnodar"]
[Date "2011.10.19"]
[Round "6"]
[White "Fomichenko, Svetlana"]
[Black "Cheredniakova, Victoria"]
[Result "1-0"]
[WhiteElo "2246"]
[BlackElo "1891"]
[PlyCount "125"]
[EventDate "2011.10.14"]
[EventType "swiss"]
[EventRounds "8"]
[EventCountry "RUS"]
[SourceTitle "EXT 2022"]
[Source "ChessBase"]
[SourceDate "2021.10.06"]
[SourceVersion "1"]
[SourceVersionDate "2021.10.06"]
[SourceQuality "1"]

1. e4 e6 2. d4 d5 3. Nc3 Nf6 4. e5 Nfd7 5. f4 a6 6. Nf3 c5 7. Be3 Nc6 8. Qd2 cxd4 9. Nxd4 Nxd4 10. Bxd4 Bc5 11. 0-0-0 Bxd4 12. Qxd4 Qb6 13. Qxb6 Nxb6 14. a4 Bd7 15. b3 Nc8 16. Kb2 Ne7 17. Be2 0-0 18. Bf3 Nc6 19. Rhe1 g6 20. g3 Rfc8 21. Bg2 Rc7 22. Bxd5 Nb4 23. Be4 Rac8 24. Re3 Bc6 25. Bxc6 Rxc6 26. Rd2 Kg7 27. g4 R8c7 28. f5 exf5 29. gxf5 gxf5 30. Rg3+ Rg6 31. Rf3 Re7 32. Rxf5 Nc6 33. Rdf2 Nxe5 34. Nd5 Re8 35. Nf4 Ng4 36. Rd2 Ne3 37. Rc5 Rb6 38. Rd7 Re4 39. Nd3 h6 40. Rcc7 Nc4+ 41. Kc1 Ne5 42. Nxe5 Rxe5 43. Rxf7+ Kg6 44. Rxb7 Rd6 45. Rbd7 Re1+ 46. Kb2 Rc6 47. Rf2 Kg5 48. Rd4 Re5 49. b4 Rb6 50. Kb3 Rc6 51. c3 Re1 52. h4+ Kg6 53. Rfd2 Ree6 54. b5 axb5 55. axb5 Rb6 56. Kb4 Kf5 57. c4 Re1 58. Rd6 Rb8 59. Rxh6 Rb1+ 60. Kc5 Rb3 61. Rd5+ Kg4 62. h5 Rc8+ 63. Rc6 1-0

[Event "Krasnodar Region-ch (Women)"]
[Site "Krasnodar"]
[Date "2011.10.14"]
[Round "1"]
[White "Nagapetian, Zhanna"]
[Black "Fomichenko, Svetlana"]
[Result "0-1"]
[WhiteElo "1674"]
[BlackElo "2246"]
[PlyCount "54"]
[EventDate "2011.10.14"]
[EventType "swiss"]
[EventRounds "8"]
[EventCountry "RUS"]
[SourceTitle "EXT 2022"]
[Source "ChessBase"]
[SourceDate "2021.10.06"]
[SourceVersion "1"]
[SourceVersionDate "2021.10.06"]
[SourceQuality "1"]

1. e4 c5 2. d3 Nc6 3. g3 g6 4. Bg2 Bg7 5. f4 e6 6. Nf3 d6 7. 0-0 Nge7 8. c3 0-0 9. Be3 b5 10. g4 Rb8 11. Qd2 f5 12. exf5 exf5 13. g5 b4 14. a3 bxc3 15. Nxc3 Na5 16. Rab1 Nb3 17. Qc2 d5 18. Ne2 d4 19. Bd2 Be6 20. Nc1 Nxd2 21. Nxd2 Nd5 22. Qxc5 Ne3 23. Rf2 Rf7 24. Qc6 Re7 25. Bh1 Bf7 26. Ncb3 Bxb3 27. Nxb3 Rxb3 0-1

[Event "Anapa"]
[Site "Anapa"]
[Date "2011.09.09"]
[Round "10"]
[White "Fomichenko, Svetlana"]
[Black "Tarleva, Vira"]
[Result "1/2-1/2"]
[WhiteElo "2246"]
[BlackElo "2125"]
[PlyCount "31"]
[EventDate "2011.08.31"]
[EventType "tourn"]
[EventRounds "11"]
[EventCountry "RUS"]
[EventCategory "2"]
[SourceTitle "EXT 2013"]
[Source "ChessBase"]
[SourceDate "2012.11.22"]
[SourceVersion "1"]
[SourceVersionDate "2012.11.22"]
[SourceQuality "1"]

1. e4 e5 2. Nf3 Nc6 3. Bb5 a6 4. Ba4 Nf6 5. 0-0 Be7 6. Re1 b5 7. Bb3 d6 8. c3 0-0 9. d4 Bg4 10. d5 Na5 11. Bc2 c6 12. h3 Bxf3 13. Qxf3 cxd5 14. exd5 Nc4 15. Nd2 Nb6 16. Bb3 1/2-1/2

[Event "Anapa"]
[Site "Anapa"]
[Date "2011.09.05"]
[Round "6"]
[White "Fomichenko, Svetlana"]
[Black "Glidzhain, Gor Mikhailovich"]
[Result "0-1"]
[WhiteElo "2246"]
[BlackElo "2331"]
[PlyCount "64"]
[EventDate "2011.08.31"]
[EventType "tourn"]
[EventRounds "11"]
[EventCountry "RUS"]
[EventCategory "2"]
[SourceTitle "EXT 2013"]
[Source "ChessBase"]
[SourceDate "2012.11.22"]
[SourceVersion "1"]
[SourceVersionDate "2012.11.22"]
[SourceQuality "1"]

1. e4 d5 2. e5 c5 3. Nf3 Nc6 4. Bb5 Bg4 5. h3 Bxf3 6. Qxf3 e6 7. c4 a6 8. cxd5 Qxd5 9. Bxc6+ bxc6 10. Qg3 Qe4+ 11. Kd1 Rd8 12. Nc3 Qb4 13. Re1 Ne7 14. Qf3 Nd5 15. Re4 Qa5 16. Ke1 Be7 17. Ra4 Qc7 18. Qg3 0-0 19. Rg4 g6 20. a3 Nxc3 21. dxc3 Rd5 22. Re4 Rfd8 23. Bh6 Qb8 24. Re2 Qb3 25. f3 c4 26. Be3 Rd1+ 27. Rxd1 Rxd1+ 28. Kf2 Rb1 29. Qf4 Qd1 30. Qxc4 Qf1+ 31. Kg3 Rxb2 32. Qxc6 Qxe2 0-1

[Event "Anapa"]
[Site "Anapa"]
[Date "2011.09.04"]
[Round "5"]
[White "Kareva, Natalia"]
[Black "Fomichenko, Svetlana"]
[Result "1/2-1/2"]
[WhiteElo "2035"]
[BlackElo "2246"]
[PlyCount "78"]
[EventDate "2011.08.31"]
[EventType "tourn"]
[EventRounds "11"]
[EventCountry "RUS"]
[EventCategory "2"]
[SourceTitle "EXT 2013"]
[Source "ChessBase"]
[SourceDate "2012.11.22"]
[SourceVersion "1"]
[SourceVersionDate "2012.11.22"]
[SourceQuality "1"]

1. e4 c5 2. Nf3 Nc6 3. Bb5 g6 4. 0-0 Bg7 5. c3 Nf6 6. Re1 0-0 7. d4 cxd4 8. cxd4 d5 9. e5 Ne8 10. Nbd2 Qb6 11. Bxc6 Qxc6 12. Nf1 Nc7 13. h3 Qb6 14. b3 Bd7 15. Ba3 Rfe8 16. Rc1 Ne6 17. Qd2 a5 18. Bc5 Qb5 19. Ne3 Nf4 20. Rb1 Rac8 21. Kh2 Nd3 22. Nxd5 Nxe1 23. Rxe1 Bf8 24. Qg5 Rxc5 25. dxc5 Qxc5 26. Ne3 Bc6 27. e6 Qxg5 28. exf7+ Kxf7 29. Nxg5+ Kg8 30. Ne6 Bh6 31. Rd1 Bxe3 32. fxe3 a4 33. Rd4 axb3 34. axb3 Ra8 35. Nd8 Ra3 36. Nxc6 bxc6 37. Rb4 Kf7 38. Rb6 c5 39. Kg3 c4 1/2-1/2

[Event "Anapa"]
[Site "Anapa"]
[Date "2011.09.02"]
[Round "2"]
[White "Kozak, Alexander"]
[Black "Fomichenko, Svetlana"]
[Result "1-0"]
[WhiteElo "2373"]
[BlackElo "2246"]
[PlyCount "73"]
[EventDate "2011.08.31"]
[EventType "tourn"]
[EventRounds "11"]
[EventCountry "RUS"]
[EventCategory "2"]
[SourceTitle "EXT 2013"]
[Source "ChessBase"]
[SourceDate "2012.11.22"]
[SourceVersion "1"]
[SourceVersionDate "2012.11.22"]
[SourceQuality "1"]

1. Nf3 f5 2. e4 fxe4 3. Ng5 Nf6 4. d3 e3 5. Bxe3 e5 6. d4 exd4 7. Qxd4 Nc6 8. Qh4 Qe7 9. Nc3 Qb4 10. Qxb4 Bxb4 11. 0-0-0 Bxc3 12. bxc3 h6 13. Nf3 d6 14. h3 Be6 15. Nd4 Bxa2 16. c4 Na5 17. Nb5 0-0-0 18. Rd4 d5 19. Nxa7+ Kb8 20. cxd5 Bxd5 21. Nb5 Nc6 22. Ra4 Bf7 23. Bf4 Nd5 24. Bg3 Rd7 25. Bd3 Re8 26. Kb2 Nb6 27. Rg4 Bd5 28. Kc3 Bxg2 29. Nxc7 Bxh1 30. Nxe8+ Ka7 31. Nxg7 Nd5+ 32. Kb2 Ndb4 33. Bf5 Rf7 34. Bd6 Na6 35. f4 Rf6 36. Rg6 Rf7 37. Be6 1-0

[Event "Novomikhailovsky op"]
[Site "Novomikhailovsky"]
[Date "2011.05.07"]
[Round "7"]
[White "Gochelashvili, David"]
[Black "Fomichenko, Svetlana"]
[Result "1-0"]
[WhiteElo "2439"]
[BlackElo "2240"]
[PlyCount "69"]
[EventDate "2011.05.01"]
[EventType "swiss"]
[EventRounds "9"]
[EventCountry "RUS"]
[SourceTitle "EXT 2012"]
[Source "ChessBase"]
[SourceDate "2011.11.24"]
[SourceVersion "1"]
[SourceVersionDate "2011.11.24"]
[SourceQuality "1"]

1. e4 c5 2. Nf3 Nc6 3. Nc3 e5 4. Bc4 Be7 5. d3 d6 6. Nd2 Nf6 7. Nf1 0-0 8. Ne3 Be6 9. 0-0 a6 10. a4 Nb4 11. Qe2 Re8 12. Bd2 Bf8 13. Rae1 Rb8 14. f4 exf4 15. Rxf4 Qd7 16. Qf3 b5 17. axb5 axb5 18. Bd5 Nc6 19. Bxc6 Qxc6 20. Rxf6 gxf6 21. Ncd5 Bxd5 22. Nxd5 Bg7 23. Bc3 Re6 24. Nxf6+ Bxf6 25. Bxf6 Kf8 26. Rf1 Ke8 27. Qg4 Kd7 28. Qg7 Kc7 29. Qxh7 Qd7 30. h4 Ra8 31. h5 Kb6 32. Qf5 Rg8 33. h6 Rg6 34. Qh3 Qe8 35. h7 1-0

[Event "Breizh Masters (Women)"]
[Site "Guingamp"]
[Date "2011.03.07"]
[Round "4"]
[White "Fomichenko, Svetlana"]
[Black "Rodrigo Yanguas, Maria"]
[Result "1-0"]
[WhiteElo "2243"]
[BlackElo "2079"]
[PlyCount "61"]
[EventDate "2011.03.04"]
[EventType "tourn"]
[EventRounds "9"]
[EventCountry "FRA"]
[SourceTitle "EXT 2012"]
[Source "ChessBase"]
[SourceDate "2011.11.24"]
[SourceVersion "1"]
[SourceVersionDate "2011.11.24"]
[SourceQuality "1"]

1. e4 e6 2. d4 d5 3. Nc3 Nf6 4. e5 Nfd7 5. f4 c5 6. Nf3 Nc6 7. Be3 a6 8. Qd2 b5 9. a3 Bb7 10. Ne2 Qc7 11. Ng3 0-0-0 12. Qf2 cxd4 13. Nxd4 Nxd4 14. Bxd4 f6 15. Be2 g5 16. Nh5 gxf4 17. Nxf6 Nxf6 18. exf6 Qd6 19. Bg4 Kb8 20. Qe2 f3 21. Bxf3 Ka8 22. f7 Bh6 23. Bxh8 Rxh8 24. 0-0 Rf8 25. Rae1 Bc8 26. Bg4 d4 27. Qe5 Qb6 28. Kh1 Be3 29. Rf6 Qa5 30. Ref1 Bb7 31. Bf3 1-0

[Event "Breizh Masters (Women)"]
[Site "Guingamp"]
[Date "2011.03.06"]
[Round "3"]
[White "Le Bail, Arielle"]
[Black "Fomichenko, Svetlana"]
[Result "0-1"]
[WhiteElo "1859"]
[BlackElo "2243"]
[PlyCount "80"]
[EventDate "2011.03.04"]
[EventType "tourn"]
[EventRounds "9"]
[EventCountry "FRA"]
[SourceTitle "EXT 2012"]
[Source "ChessBase"]
[SourceDate "2011.11.24"]
[SourceVersion "1"]
[SourceVersionDate "2011.11.24"]
[SourceQuality "1"]

1. d4 f5 2. g3 Nf6 3. Bg2 e6 4. c4 Be7 5. Nh3 0-0 6. 0-0 d6 7. b3 Qe8 8. Bb2 Nh5 9. Nc3 f4 10. Qd2 Qg6 11. Rad1 Kh8 12. Qd3 Qxd3 13. Rxd3 fxg3 14. hxg3 Nc6 15. f4 e5 16. Nd5 Bg4 17. Rf2 exd4 18. Bxd4 Nxd4 19. Rxd4 Bd8 20. Rd3 c6 21. Ne3 Bxh3 22. Bxh3 Nxg3 23. Nc2 Ne4 24. Rff3 Bb6+ 25. Kg2 Rae8 26. e3 Rf6 27. Nd4 Bxd4 28. Rxd4 h6 29. f5 Ng5 30. Rg3 Nxh3 31. Rxh3 Rxf5 32. Rxd6 Re7 33. Rg3 Ref7 34. Rd2 Kh7 35. e4 Re5 36. Rg4 h5 37. Rh4 Kh6 38. Rd6+ g6 39. Kg3 Rg5+ 40. Kh3 Rf3+ 0-1

[Event "Anapa op-B"]
[Site "Anapa"]
[Date "2010.09.07"]
[Round "6"]
[White "Gochelashvili, David"]
[Black "Fomichenko, Svetlana"]
[Result "1-0"]
[WhiteElo "2443"]
[BlackElo "2217"]
[PlyCount "49"]
[EventDate "2010.08.31"]
[EventType "swiss"]
[EventRounds "9"]
[EventCountry "RUS"]
[SourceTitle "EXT 2013"]
[Source "ChessBase"]
[SourceDate "2012.11.22"]
[SourceVersion "1"]
[SourceVersionDate "2012.11.22"]
[SourceQuality "1"]

1. e4 c5 2. Nf3 Nc6 3. d4 cxd4 4. Nxd4 e5 5. Nb5 d6 6. N1c3 a6 7. Na3 b5 8. Nd5 Nge7 9. c4 Nxd5 10. Qxd5 Bd7 11. cxb5 Nb4 12. Qb3 d5 13. exd5 Bc5 14. Be3 Bxe3 15. Qxe3 0-0 16. bxa6 Nxd5 17. Qd2 Be6 18. Bc4 Qe7 19. 0-0 Nf4 20. Qe3 Bd5 21. Rfe1 Rfe8 22. Qxf4 Qb4 23. Rxe5 Rxe5 24. Qxe5 Bxc4 25. Qe4 1-0

[Event "Anapa op-B"]
[Site "Anapa"]
[Date "2010.09.04"]
[Round "4"]
[White "Dmitriev, Igor"]
[Black "Fomichenko, Svetlana"]
[Result "1-0"]
[WhiteElo "2366"]
[BlackElo "2217"]
[PlyCount "137"]
[EventDate "2010.08.31"]
[EventType "swiss"]
[EventRounds "9"]
[EventCountry "RUS"]
[SourceTitle "EXT 2013"]
[Source "ChessBase"]
[SourceDate "2012.11.22"]
[SourceVersion "1"]
[SourceVersionDate "2012.11.22"]
[SourceQuality "1"]

1. g3 f5 2. Bg2 Nf6 3. c4 e5 4. Nc3 Nc6 5. e3 Be7 6. d4 e4 7. f3 0-0 8. Nge2 d5 9. cxd5 Nxd5 10. Nxd5 Qxd5 11. 0-0 exf3 12. Bxf3 Qd6 13. Nc3 Bg5 14. Bd2 Kh8 15. Qe2 a6 16. Rad1 Bd7 17. Bc1 Rae8 18. Rfe1 b5 19. Qg2 Na5 20. b3 Bc6 21. Nd5 Ba8 22. Bd2 Nc6 23. h4 Bh6 24. Kh2 b4 25. Nf4 a5 26. Rc1 Ne7 27. Rc5 Bxf4 28. gxf4 Bxf3 29. Qxf3 Rf6 30. Rg1 Rh6 31. Be1 c6 32. Re5 Rf8 33. h5 Nd5 34. Bh4 Nf6 35. Bxf6 Qxf6 36. Rg5 Qd8 37. Kg2 Rhf6 38. Kf2 h6 39. Rg1 Qa8 40. Qg3 R8f7 41. Rg2 Kh7 42. Kg1 a4 43. Kh2 axb3 44. axb3 Qf8 45. Kh3 Ra7 46. Qf3 Qf7 47. e4 Ra3 48. Rg3 Kh8 49. exf5 Rxf5 50. Qg4 Rxe5 51. dxe5 Rxb3 52. e6 Rxg3+ 53. Kxg3 Qe7 54. Qf5 Kg8 55. Qe5 Kh8 56. Kf3 c5 57. f5 c4 58. Qd5 c3 59. Qd7 Qg5 60. e7 Qxh5+ 61. Ke4 Qe2+ 62. Kd5 Qd3+ 63. Ke6 Qc4+ 64. Kd6 Qd4+ 65. Kc6 Qc4+ 66. Kb6 c2 67. e8Q+ Qg8 68. Qxg8+ Kxg8 69. Qc8+ 1-0

[Event "Brasschaat op 10th"]
[Site "Brasschaat"]
[Date "2010.08.19"]
[Round "6"]
[White "Schuermans, Robert"]
[Black "Fomichenko, Svetlana"]
[Result "0-1"]
[WhiteElo "2104"]
[BlackElo "2217"]
[PlyCount "74"]
[EventDate "2010.08.14"]
[EventType "swiss"]
[EventRounds "9"]
[EventCountry "BEL"]
[SourceTitle "CBM 138 Extra"]
[Source "ChessBase"]
[SourceDate "2010.10.29"]
[SourceVersion "1"]
[SourceVersionDate "2010.10.29"]
[SourceQuality "1"]

1. e4 c5 2. Nf3 Nc6 3. d4 cxd4 4. Nxd4 e5 5. Nb5 d6 6. N1c3 a6 7. Na3 b5 8. Nd5 Nce7 9. Bg5 h6 10. Bxb5+ axb5 11. Nxb5 Ra6 12. Ndc7+ Kd7 13. Qh5 hxg5 14. Qxh8 Nh6 15. Nxa6 Bxa6 16. Nxd6 Qa5+ 17. c3 Ng6 18. 0-0-0 Ke6 19. Qh7 Qxa2 20. Nf5 Bb5 21. Nxg7+ Bxg7 22. Qxg7 Qa1+ 23. Kc2 Ba4+ 24. Kd3 Bxd1 25. Qxh6 Qb1+ 26. Kc4 Be2+ 27. Kc5 Qxh1 28. Qh3+ g4 29. Qh5 Qd1 30. Qf5+ Ke7 31. c4 Qd4+ 32. Kc6 Qxc4+ 33. Kb7 Qa6+ 34. Kc7 Qd6+ 35. Kb7 Ba6+ 36. Ka7 Qc6 37. Qg5+ f6 0-1

[Event "Brasschaat op 10th"]
[Site "Brasschaat"]
[Date "2010.08.17"]
[Round "4"]
[White "Fomichenko, Svetlana"]
[Black "Geirnaert, Steven"]
[Result "1/2-1/2"]
[WhiteElo "2217"]
[BlackElo "2362"]
[PlyCount "78"]
[EventDate "2010.08.14"]
[EventType "swiss"]
[EventRounds "9"]
[EventCountry "BEL"]
[SourceTitle "CBM 138 Extra"]
[Source "ChessBase"]
[SourceDate "2010.10.29"]
[SourceVersion "1"]
[SourceVersionDate "2010.10.29"]
[SourceQuality "1"]

1. e4 d6 2. d4 Nf6 3. Nc3 g6 4. Nf3 Bg7 5. Be2 0-0 6. 0-0 Bg4 7. h3 Bxf3 8. Bxf3 Nc6 9. Bg5 h6 10. Be3 e5 11. dxe5 dxe5 12. Qc1 Nd4 13. Bxh6 Nxf3+ 14. gxf3 Bxh6 15. Qxh6 Nh5 16. Rad1 Qh4 17. Rd3 Rad8 18. Rfd1 Rxd3 19. Rxd3 Rd8 20. Ne2 Rxd3 21. cxd3 Qxh3 22. Qe3 c5 23. Qxc5 Qxf3 24. Qe3 Qg4+ 25. Kf1 Qh4 26. Qf3 Qe7 27. Qe3 Qh4 28. Qf3 Qd8 29. Qe3 Qa5 30. a3 Qb5 31. Qd2 Qb3 32. Ke1 Ng7 33. Qc3 Qb5 34. a4 Qxa4 35. Qxe5 Ne6 36. Qb8+ Kg7 37. Qe5+ Kg8 38. Qb8+ Kg7 39. Qe5+ Kg8 1/2-1/2

[Event "Avoine op 25th"]
[Site "Avoine"]
[Date "2010.07.20"]
[Round "4"]
[White "Fomichenko, Svetlana"]
[Black "Saatdjian, Stephane"]
[Result "1-0"]
[WhiteElo "2217"]
[BlackElo "2011"]
[PlyCount "107"]
[EventDate "2010.07.17"]
[EventType "swiss"]
[EventRounds "9"]
[EventCountry "FRA"]
[SourceTitle "EXT 2011"]
[Source "ChessBase"]
[SourceDate "2010.11.26"]
[SourceVersion "1"]
[SourceVersionDate "2010.11.26"]
[SourceQuality "1"]

1. e4 c5 2. Nf3 d6 3. d4 cxd4 4. Nxd4 Nf6 5. Nc3 g6 6. Be2 Bg7 7. 0-0 0-0 8. Re1 Nc6 9. Nb3 a6 10. Bf1 b5 11. a4 b4 12. Nd5 Nxd5 13. exd5 Ne5 14. a5 Qc7 15. Ra4 Rb8 16. Bg5 Re8 17. h3 h6 18. Be3 Nc4 19. Bxc4 Qxc4 20. c3 Bd7 21. Rxb4 Rxb4 22. cxb4 Qxb4 23. Nd4 Qxa5 24. Nc6 Qb5 25. Qd2 Kh7 26. Rc1 Qxb2 27. Bxh6 Qxd2 28. Bxd2 Bh6 29. Bxh6 Kxh6 30. Ra1 Bc8 31. Rb1 e6 32. dxe6 fxe6 33. Rd1 d5 34. Ne5 Kg5 35. g3 Kf5 36. f4 g5 37. Nf7 Rf8 38. Nxg5 Bd7 39. Re1 Rh8 40. h4 a5 41. Nf3 a4 42. Ne5 Be8 43. Kg2 Bh5 44. Nd7 Re8 45. Re5+ Kg6 46. f5+ Kh6 47. Nf6 Rf8 48. Rxe6 Bf7 49. Ra6 Kg7 50. Nd7 Rd8 51. Ne5 Be8 52. f6+ Kf8 53. f7 Bb5 54. Rg6 1-0